| 000 | 00364nam a22001457a 4500 | ||
|---|---|---|---|
| 003 | BD-DhUL | ||
| 005 | 20170323142038.0 | ||
| 008 | 170323b xxu||||| |||| 00| 0 eng d | ||
| 040 |
_bBD-DhUL _cBD-DhUL |
||
| 082 |
_a368.01 _bBAI |
||
| 245 | _aThe Insurance Act, 1938 / | ||
| 260 |
_aEastern: _bHouse, _c1938. |
||
| 300 |
_a116p.: _billl., _c23cm. |
||
| 942 |
_2ddc _cBK |
||
| 999 |
_c167667 _d167667 |
||